Mechanical details for product design (Record no. 545248)

000 -LEADER
fixed length control field 00461nam a2200157 a 4500
082 ## - DEWEY DECIMAL CLASSIFICATION NUMBER
Classification number 621
Author Mark MEC
-- L-13, P-84
100 1# - MAIN ENTRY--PERSONAL NAME
Personal name Greenwood, Douglas C.
9 (RLIN) 40529
245 1# - TITLE STATEMENT
Title Mechanical details for product design
260 ## - PUBLICATION, DISTRIBUTION, ETC.
Place of publication, distribution, etc. New York :
Name of publisher, distributor, etc. McGraw-Hill Book Company ,
Date of publication, distribution, etc. 1964
300 ## - PHYSICAL DESCRIPTION
Extent 341p.
526 ## - STUDY PROGRAM INFORMATION NOTE
Program name 0
Interest level 0
Reading level 0
Title point value 621_000000000000000_MEC
650 ## - SUBJECT ADDED ENTRY--TOPICAL TERM
Topical term or geographic name entry element Engineering Design
9 (RLIN) 19438
650 #0 - SUBJECT ADDED ENTRY--TOPICAL TERM
Topical term or geographic name entry element MCE
9 (RLIN) 379
650 #0 - SUBJECT ADDED ENTRY--TOPICAL TERM
Topical term or geographic name entry element Production Engineering
9 (RLIN) 2471
942 ## - ADDED ENTRY ELEMENTS (KOHA)
Source of classification or shelving scheme
Koha item type Book
Holdings
Withdrawn status Lost status Source of classification or shelving scheme Damaged status Not for loan Permanent Location Current Location Date acquired Total Checkouts Full call number Barcode Date last seen Price effective from Koha item type
          Military College of Engineering (MCE) Military College of Engineering (MCE) 05/20/2014   621 MEC MCE-15865 05/20/2014 05/20/2014 Book
© 2023 Central Library, National University of Sciences and Technology. All Rights Reserved.